Statystyki dla Polscy Youtuberzy w Telewizji

Kliknij tutaj aby rozwiązać quiz!

Ogólne statystyki

  • Ten quiz został rozwiązany 5 988 razy
  • Średni wynik to 5 z 9

Statystyki odpowiedzi

HintOdpowiedź% Poprawnych
FamiliadaGimper
96%
TzGGimper
96%
FamiliadaNaruciak
83%
FamiliadaKolega Ignacy
72%
FamiliadaPoszukiwacz
62%
FamiliadaCyber Marian
46%
TzGlittlemoonster96
16%
ReklamaZiemniak
10%
ReklamaRadek Kotarski
5%

Rozkład punktacji

Percentyl według liczby udzielonych odpowiedzi

Procent ludzi z każdym wynikiem

Twoja historia wyników

Nie rozwiązałeś tego quizu